16 Województw w 32 Sekundy - Statystyki

Ogólne statystyki
  • Ten quiz został rozwiązany 104 razy
  • Średni wynik to 9 z 16
Statystyki odpowiedzi
Województwo % Poprawnych
Mazowieckie
83%
Pomorskie
74%
Śląskie
72%
Lubuskie
69%
Lubelskie
65%
Małopolskie
63%
Wielkopolskie
59%
Opolskie
56%
Podlaskie
54%
Zachodnio-Pomorskie
52%
Podkarpackie
46%
Dolnośląskie
44%
Świętokrzyskie
44%
Warmińsko-Mazurskie
44%
Kujawsko-Pomorskie
43%
Łódzkie
35%
Nie znaleziono quizów pasujących do podanych kryteriów
Rozkład punktacji
Procent ludzi z każdym wynikiem
Percentyl według liczby udzielonych odpowiedzi
Twoja historia wyników
Nie rozwiązałeś tego quizu